<?xml version="1.0" encoding="UTF-8"?><?xml-stylesheet type="text/xsl" href="static/style.xsl"?><OAI-PMH xmlns="http://www.openarchives.org/OAI/2.0/" xmlns:xsi="http://www.w3.org/2001/XMLSchema-instance" xsi:schemaLocation="http://www.openarchives.org/OAI/2.0/ http://www.openarchives.org/OAI/2.0/OAI-PMH.xsd"><responseDate>2026-04-29T04:52:24Z</responseDate><request verb="GetRecord" identifier="oai:repisalud.isciii.es:20.500.12105/10596" metadataPrefix="marc">https://repisalud.isciii.es/rest/oai/request</request><GetRecord><record><header><identifier>oai:repisalud.isciii.es:20.500.12105/10596</identifier><datestamp>2024-05-21T11:02:20Z</datestamp><setSpec>com_20.500.12105_2203</setSpec><setSpec>com_20.500.12105_2202</setSpec><setSpec>col_20.500.12105_19505</setSpec><setSpec>col_20.500.12105_19585</setSpec></header><metadata><record xmlns="http://www.loc.gov/MARC21/slim" xmlns:dcterms="http://purl.org/dc/terms/" xmlns:doc="http://www.lyncode.com/xoai" xmlns:xsi="http://www.w3.org/2001/XMLSchema-instance" xsi:schemaLocation="http://www.loc.gov/MARC21/slim http://www.loc.gov/standards/marcxml/schema/MARC21slim.xsd">
   <leader>00925njm 22002777a 4500</leader>
   <datafield ind2=" " ind1=" " tag="042">
      <subfield code="a">dc</subfield>
   </datafield>
   <datafield ind2=" " ind1=" " tag="720">
      <subfield code="a">Instituto de Salud Carlos III. Centro Nacional de Epidemiología</subfield>
      <subfield code="e">author</subfield>
   </datafield>
   <datafield ind2=" " ind1=" " tag="260">
      <subfield code="c">2014-04-06</subfield>
   </datafield>
   <datafield ind2=" " ind1=" " tag="520">
      <subfield code="a">En la semana 14/2014 la actividad gripal se mantiene estable con una tasa de incidencia de gripe
de 13,93 casos por 100.000 habitantes, propia del periodo pre-epidémico.
Las seis detecciones centinela detectadas esta semana fueron del tipo viral A, cinco A(H1N1)pdm09
y 1 A no subtipado. La tasa de detección viral es del 18%.
La tasa de detección de VRS en la semana 14/2014 es del 4%.
Desde el inicio de la temporada 2013-2014 se han notificado 15 brotes de gripe en siete CCAA , en
residencias geriátricas, colegios y otras instituciones sanitarias. Ocho de ellos por virus A(H3) y
siete por virus de la gripe A(H1N1)pdm09.
Desde la semana 40/2013 se han notificado 2.361 casos graves hospitalizados confirmados de
gripe en 16 CCAA, 99,4% por virus A (77% A(H1N1)pdm09 y 23% A(H3), entre los subtipados) y
0,6% por virus B. Entre los casos graves hospitalizados confirmados de gripe se han registrado 266
defunciones, 269 por virus A (64% por virus A(H1N1)pdm09, 14% por A(H3) y 22% por virus A no
subtipado) y una por virus B.
En la mayoría de los países del hemisferio norte la actividad gripal se aproxima a niveles propios de
intertemporada. Aunque aumenta ligeramente el porcentaje de detecciones de virus de la gripe B,
fundamentalmente en Asia, Oriente próximo y Norte de América.</subfield>
   </datafield>
   <datafield ind1="8" ind2=" " tag="024">
      <subfield code="a">http://hdl.handle.net/20.500.12105/10596</subfield>
   </datafield>
   <datafield tag="653" ind2=" " ind1=" ">
      <subfield code="a">Gripe</subfield>
   </datafield>
   <datafield tag="653" ind2=" " ind1=" ">
      <subfield code="a">Vigilancia Epidemiológica</subfield>
   </datafield>
   <datafield ind2="0" ind1="0" tag="245">
      <subfield code="a">Informe semanal de Vigilancia de la Gripe en España Semana 14/2014 (31 de marzo - 6 de abril de 2014) Nº 388. 10 de abril de 2014</subfield>
   </datafield>
</record></metadata></record></GetRecord></OAI-PMH>